000 00767nam a2200289Ia 4500
003 SMC
005 20161007080600.0
008 160319s9999 xx 000 0 und d
020 _a971-08-6536-6
050 _aFIL TX 911.2
050 _b.C78 2005
100 _aCruz, Zenaida L.
245 _aConvention and event management /
245 _cZenaida L. Cruz.
260 _aMandaluyong:
260 _bNational Book Store.,
260 _c2005
300 _a131 pages :
300 _billustrations ;
300 _c22 cm.
500 _aIncludes index.
650 _aCongresses and conventions.
650 _aConvention facilities -- Management.
650 _xMeetings -- Planning.
650 _xSpecial events -- Management.
942 _2lcc
_cBK
999 _c291687
_d291687